Memoria leída por Vicente Giménez y Giménez en el acto de tomar el grado de Doctor en la Facultad de Farmacia. (Record no. 156359)

MARC details
000 -LEADER
campo de control de longitud fija 00808nam a22002175i 4500
001 - NÚMERO DE CONTROL
campo de control 156359
003 - IDENTIFICADOR DE NÚMERO DE CONTROL
campo de control ES-MaACL
005 - FECHA Y HORA DE LA ÚLTIMA TRANSACCIÓN
campo de control 20250806050952.0
008 - DATOS DE LONGITUD FIJA--INFORMACIÓN GENERAL
campo de control de longitud fija 040730s1883 sp |||| | spa d
040 ## - FUENTE DE CATALOGACIÓN
Centro catalogador/agencia de origen CAM
Lengua de catalogación spa
Centro/agencia transcriptor CAM
100 1# - ENTRADA PRINCIPAL--NOMBRE DE PERSONA
Nombre de persona Jiménez y Jiménez, Vicente.
9 (RLIN) 128320
245 10 - MENCIÓN DEL TÍTULO
Título Memoria leída por Vicente Giménez y Giménez en el acto de tomar el grado de Doctor en la Facultad de Farmacia.
260 ## - PUBLICACIÓN, DISTRIBUCIÓN, ETC.
Lugar de publicación, distribución, etc. Madrid :
Nombre del editor, distribuidor, etc. [s.n.,
Fecha de publicación, distribución, etc. s.a.] (
Fabricante Imprenta Madrileña hermanos)
300 ## - DESCRIPCIÓN FÍSICA
Extensión 24 p. ;
Dimensiones 23 cm.
500 ## - NOTA GENERAL
Nota general El tema de la memoria es las aguas sulfurosas.
594 ## - Nota al título y mención de responsabilidad
Nota al título y mención de responsabilidad En port. consta: "Agosto 23 - 1883"
650 #7 - PUNTO DE ACCESO ADICIONAL DE MATERIA--TÉRMINO DE MATERIA
Término de materia o nombre geográfico como elemento de entrada Aguas minerales
Fuente del encabezamiento o término embne
9 (RLIN) 135517
852 ## - LOCALIZACIÓN
Ubicación ES-MaACL
Número de control de estantería T-1137-F-3
Nota libre -- Enc. hol.
-- -- Enc. en un vol. facticio
942 ## - ELEMENTOS DE ENTRADA SECUNDARIOS (KOHA)
Fuente del sistema de clasificación o colocación Clasificación decimal universal
Holdings
Estatus retirado Estado de pérdida Fuente del sistema de clasificación o colocación Estado de daño No para préstamo Colección Biblioteca de origen Biblioteca actual Ubicación en estantería Fecha de adquisición Total de préstamos Signatura topográfica completa Código de barras Visto por última vez Precio de reemplazo Tipo de ítem Koha
    Clasificación decimal universal     Colección de folletos Biblioteca del Ateneo de Madrid Biblioteca del Ateneo de Madrid Depósito folletos 17/01/2008   T-1137-F-3 1163584 23/02/2023 23/02/2023 Folleto